Proceedings of the International Workshop "Innovation Information Technologies: Theory and Practice" : Dresden, September 06-10, 2010

Gespeichert in:
Bibliographische Detailangaben
Format: Buch
Veröffentlicht: Dresden : Forschungszentrum Dresden - Rossendorf, 2010
Tags: Tag hinzufügen
Keine Tags, Fügen Sie das erste Tag hinzu!

MARC

LEADER 00000nam a22000003a 4500
001 stu211552
005 20150408182804.8
008 100928s2010----gw----------------------d
020 |a 978-3-941405-10-3 
040 |a STU  |b slo 
041 0
044 |a gw 
245 |a Proceedings of the International Workshop "Innovation Information Technologies: Theory and Practice" :  |b Dresden, September 06-10, 2010 
260 |a Dresden :  |b Forschungszentrum Dresden - Rossendorf,  |c 2010 
300 |a 228 s 
996 |b 284M078637  |c M*Z-3718  |l MMKN  |s A  |a 24  |w stu211552_0001 
996 |b 284M078749  |c M*Z-3729  |l MMKN  |s A  |a 24  |w stu211552_0002 
996 |b 284M078638  |c M*Z-3719  |l MMKN  |s A  |a 24  |w stu211552_0003